01226nam a2200277 a 4500003000400000005001700004008004100021020001800062040002500080082002800105100003400133245008300167250001200250260003900262300002100301590002800322650002800350650003100378700002500409910004100434942001400475952014400489952014900633952014900782999001700931OSt20240412074309.0110926s2011 dr 000 p spa d a9789945863734 aDO-SdBNPbspacBNPHU 4aRD861.5bP983p 20182221 aPumarol, Homerod1971-92061910aPoesía reunida 2000-2011 /cHomero Pumarol ; introducción de Frank Báez. a2a. ed. aSanto Domingo :bDe a Poco,c2018. a151 p. ;c21 cm. aInventariado, 2021 / DG 4aPoesía dominicana966 0aLiteratura dominicana.9671 aBáez, Frank935989 aD/G/Validado. Control de calidad MFF 2ddccLBS1 00102ddc51708PDaBNPHUbPDcHDd2021-12-01eDepósito Legal l0oBNPHU PD RD861.5 P983p 2018p2021-28455r2021-12-01w2021-12-01yLFPD 00102ddc51708PDaBNPHUbPDcHDd2021-12-01eDepósito Legal l0oBNPHU PD RD861.5 P983p 2018p2021-28456r2021-12-01te.2w2021-12-01yLFPD 00102ddc56708DSaBNPHUbDOcHDd2021-12-01eDepósito Legal l0oBNPHU DS RD861.5 P983p 2018p2021-28457r2021-12-01te.3w2021-12-01yLFDS c51082d51082